000 00880nam a2200181 a 4500
001 BRCA_1841
005 20190320203554.0
008 880115s1984 mx-a---##c---f000-0#spa-#
020 _a9688370827
040 _aDLC
_cDLC
_dDLC
050 4 _aNE2238.M6
_b.S47 1984
245 1 0 _aLa serigrafía en el arte el arte de la serigrafía.
260 _aMéxico
_bUNAM, Museo Universitario de Ciencias y Arte, Centro de Investigación y Servicios Museológicos, Coordinación de Extensión Universitaria
_c[1984?]
300 _a83 p.
_bil. a color
_c25 cm.
500 _aCatálogo de la exposición relizada en el Centro de Investigación y Servicios Museológicos, UNAM en colaboración con Ediciones Multiarte del Grupo Madero, Dirección de Museos, Archivos y Bibliotecas del Estado de México y Museo de Monterrey
650 1 4 _aSerigrafía mexicana
_vExposiciones
_95717
942 _2lcc
_cB
999 _c1621
_d1621